000 00872cam a2200217 4500
001 WB3618-06
008 000000n2000 000 0 eng u
035 _a(Sirsi) u105955
245 _aSurvey reveals high confidence
260 _c2000
490 _aBirmingham Post
_v 11 May 2000, 26(1)
520 _aInsignia Richard Ellis reports that the West Midland industrial property market is thriving, even in the light of the Longbridge situation. The region reflects national growth, on an annual basis, capital growth reached 9.2% at the end of March 2000 compared with 6.4% in December 1999.
590 _aWB
650 _aINDUSTRIAL MARKET
650 _aWEST MIDLANDS
650 _aCAPITAL GROWTH
650 _aINSIGNIA RICHARD ELLIS
650 _aSTATISTICS
690 _aPROPERTY-COMMERCIAL PROPERTY-COMMERCIAL PROPERTY FINANCE AND INVESTMENT
942 _n0
999 _c63440
_d63440